000 01369nam a22001937a 4500
999 _c6836
_d6836
003 GBCCL
005 20241126110613.0
008 180629b ||||| |||| 00| 0 eng d
040 _cGBC
082 _a229
_bSAC
245 _aSacred writings
_cedited by Jaroslav Pelikan;
260 _aNew York, N.Y. :
_bQuality Paperback Book Club,
_c©1992.
300 _a7 volumes
505 _a[V.1.] Judaism: The Tanakh / The new JPS translation -- [V.2.] Christianity: The Apocrypha and the new testament / from the revised English Bible -- [V.3.] Islam: The Qur'an / A contemporary translation by Ahmed Ali -- [V.4.] Confucianism: The Analects of Confucius / translated by Arthur Waley -- [V.6.] Buddhism: The Dhammapada / translated by John Ross Carter and Mahinda Palihawadana -- [V.5.] Hinduism: The Rig Veda / translated by Ralph T.H. Griffith -- [V.7.] On searching the scriptures -- your own or someone else's / Jaroslav Pelikan.
505 _aIslam : The Qur'an. Judaism : the Tanakh. Christianity : the apocrypha and the new testament. Confucianism : the Analects of Confucius. Buddhism : the Dhammapada. Hinduism : the Rig Veda. On searching the scriptures--your own or someone else's. Tanakh. Dhammapada. Rig Veda. New Testament. Apocrypha. Qur'an.
650 _aSacred books -- History and criticism.
_912251
650 _aSacred books.
_912252
942 _2ddc
_cBK